| 000 | 01376nam a2200253Ia 4500 | ||
|---|---|---|---|
| 999 |
_c34597 _d34597 |
||
| 001 | 358 | ||
| 003 | GE_BSU | ||
| 005 | 20200203123606.0 | ||
| 008 | 181216s2009||||ge |||||||||||||| ||geo|| | ||
| 020 | _a99928730215 | ||
| 040 | _cGE_BSU | ||
| 041 | _ageo | ||
| 080 | _a616.2(075.8) კ-36 | ||
| 100 |
_aკაციტაძე, ზურაბ; კაციტაძე, გიორგი _96693 |
||
| 245 |
_aსასუნთქი სისტემის კლინიკური და ასაკობრივი ანატომია : _bდამხმ. სახელმძღვ. სტუდ. და ექიმებისათვის / _c ზურაბ კაციტაძე, გიორგი კაციტაძე ; [რედ. ნინო ჯავახიშვილი]. |
||
| 264 |
_aთბილისი : _bმედეა, _c2009. |
||
| 300 |
_a202 გვ.: _b სურ. ; _c19 სმ. |
||
| 504 | _aბიბლიოგრ.: გვ. 200-201. | ||
| 653 | _aსასუნთქი სისტემის ანატომია | ||
| 653 | _aსასუნთქი გზების კლინიკა | ||
| 700 |
_aკაციტაძე, გიორგი _eავტორი _96694 |
||
| 700 |
_a ჯავახიშვილი, ნინო _eრედაქტორი _96695 |
||
| 942 |
_cBK _2udc |
||